|
|
|
|
| LEADER |
00000cam a2200000 7i4500 |
| 001 |
0000083868 |
| 005 |
20190715.0 |
| 008 |
190715 |
| 020 |
|
|
|a 9789674606183
|
| 041 |
0 |
|
|a Malay
|
| 090 |
0 |
0 |
|a 418.02
|b AND
|
| 100 |
1 |
|
|a Anderman, Gunilla
|
| 245 |
1 |
0 |
|a Terjemahan masa kini :
|b trend dan perspektif
|c Gunilla Anderman, Margaret Rogers
|
| 260 |
|
|
|a Kuala Lumpur :
|b Institut Terjemahan & Buku Malaysia Berhad ,
|c 2017
|
| 300 |
|
|
|a 290p. :
|b ill.col. ;
|c 23cm.
|
| 541 |
0 |
0 |
|c Purchased on 2019
|f 2019/501 KZB
|h RM30.00
|
| 650 |
|
0 |
|a Translating and interpreting
|
| 650 |
|
0 |
|a Translation
|
| 700 |
1 |
|
|a Anis Shahirah Abdul Sukur
|
| 700 |
1 |
|
|a Haniza Lockman
|
| 999 |
|
|
|a 0001583477
|b Book
|c Adult Collection
|e Cawangan Tmn. Ungku Tun Aminah
|
| 999 |
|
|
|a 0001583478
|b Book
|c Adult Collection
|e Cawangan Kota Tinggi
|
| 999 |
|
|
|a 0001583479
|b Book
|c Adult Collection
|e Cawangan Muar
|
| 999 |
|
|
|a 0001583480
|b Book
|c Adult Collection
|e Cawangan Taman Sri Lambak
|
| 999 |
|
|
|a 0001583481
|b Book
|c Adult Collection
|e Cawangan Pontian
|
| 999 |
|
|
|a 0001583482
|b Book
|c Adult Collection
|e Cawangan Batu Pahat
|
| 999 |
|
|
|a 0001583483
|b Book
|c Adult Collection
|e Cawangan Bandar Tenggara
|
| 999 |
|
|
|a 0001583484
|b Book
|c Adult Collection
|e Cawangan Sri Merlong
|
| 999 |
|
|
|a 0001583485
|b Book
|c Adult Collection
|e Cawangan Bukit Gambir
|
| 999 |
|
|
|a 0001583486
|b Book
|c Adult Collection
|e Cawangan Bandar Penawar
|
| 999 |
|
|
|a 0001583487
|b Book
|c Adult Collection
|e Cawangan Tangkak
|
| 999 |
|
|
|a 0001583488
|b Book
|c Adult Collection
|e Cawangan Mersing
|
| 999 |
|
|
|a 0001583489
|b Book
|c Adult Collection
|e Cawangan Segamat
|
| 999 |
|
|
|a 0001583556
|b Book
|c Adult Collection
|e Perbadanan Perpustakaan Awam Johor
|
| 999 |
|
|
|a 0001583557
|b Book
|c Adult Collection
|e Perbadanan Perpustakaan Awam Johor
|
| 999 |
|
|
|a 0001583558
|b Book
|c Adult Collection
|e Cawangan Urban Transformation Centre
|
| 999 |
|
|
|a 0001583559
|b Book
|c Adult Collection
|e Cawangan AEON Kulaijaya
|